000 00333nam a2200145Ia 4500
008 150301s2015 xx 000 0 und d
082 _a611
_bH14M
100 _aB. UMA MAHESHWARI
245 _aHUMAN ANATOMY & PHYSIOLOGY
250 _aIST
260 _bBIRLA PUBLISHER
300 _a216
650 _aANATOMY
942 _2ddc
_cBK
_015
999 _c7060
_d7060